000 00374nam a2200145Ia 4500
008 231129s1986||||xx |||||||||||||| ||spa||
020 _a84-7640-073-X (V.1).
040 _bspa
082 _aR 809 A454h
100 _aAlonso Martí­n
245 0 _aHistoria de la literatura mundial
260 _c1986
264 _aEdaf
942 _2ddc
_cBKS
999 _c15137
_d15137